PANCHATANTRA (Record no. 8777)
[ view plain ]
| 000 -LEADER | |
|---|---|
| fixed length control field | 00228nam a22001097a 4500 |
| 082 ## - DEWEY DECIMAL CLASSIFICATION NUMBER | |
| Classification number | 823 |
| Item number | PAI/P |
| 100 ## - MAIN ENTRY--AUTHOR NAME | |
| Personal name | PAI, ANAND |
| 245 ## - TITLE STATEMENT | |
| Title | PANCHATANTRA |
| 246 ## - VARYING FORM OF TITLE | |
| Title proper/short title | PANCHATANTRA |
| Remainder of title | PANCHATANTRA |
| 650 ## - SUBJECT ADDED ENTRY--TOPICAL TERM | |
| Topical Term | ENGLISH STORY |
| 942 ## - ADDED ENTRY ELEMENTS (KOHA) | |
| Koha item type | Books |
| Withdrawn status | Lost status | Collection code | Home library | Current library | Date acquired | Source of acquisition | Cost, normal purchase price | Full call number | Accession Number | Koha item type |
|---|---|---|---|---|---|---|---|---|---|---|
| Lost | Fiction | Main Library | Main Library | 28/03/2003 | PURCHASED | 25.00 | 823 PAI/P | 00526 | Books |